000 00534nam a22001817a 4500
005 20251108171107.0
008 250721s9999 xx 000 0 ara d
082 1 4 _a651.3741/زيا
100 1 _aرمضان، زياد
245 1 0 _aمبادىء السكرتارية و أعمال المكاتب /
264 1 _aعمان :
_bالمؤلف،
_c[19-].
300 _a132ص
650 1 7 _aإدارة المكاتب
650 1 7 _aالسكرتارية
700 1 _aالقوصي، إبراهيم
942 _2ddc
_cBK
999 _c56436
_d56436